The spiritual laws of Eck/ (Record no. 99197)
[ view plain ]
| 000 -LEADER | |
|---|---|
| fixed length control field | 00848nam a22002657a 4500 |
| 003 - CONTROL NUMBER IDENTIFIER | |
| control field | URS |
| 005 - DATE AND TIME OF LATEST TRANSACTION | |
| control field | 20260326151009.0 |
| 008 - FIXED-LENGTH DATA ELEMENTS--GENERAL INFORMATION | |
| fixed length control field | 260317b |||||||| |||| 00| 0 eng d |
| 020 ## - INTERNATIONAL STANDARD BOOK NUMBER | |
| International Standard Book Number | 1570430462 |
| 020 ## - INTERNATIONAL STANDARD BOOK NUMBER | |
| International Standard Book Number | 9781570430466 |
| 040 ## - CATALOGING SOURCE | |
| Original cataloging agency | DLC |
| Language of cataloging | eng |
| Transcribing agency | DLC |
| Modifying agency | URS |
| Description conventions | rda |
| 050 14 - LIBRARY OF CONGRESS CALL NUMBER | |
| Classification number | BP605 |
| Item number | .K676 1990 |
| 100 1# - MAIN ENTRY--PERSONAL NAME | |
| Personal name | Klemp, Harold |
| 245 ## - TITLE STATEMENT | |
| Title | The spiritual laws of Eck/ |
| Statement of responsibility, etc. | Harold Klemp.- |
| 250 ## - EDITION STATEMENT | |
| Edition statement | first edition- |
| 264 #1 - PRODUCTION, PUBLICATION, DISTRIBUTION, MANUFACTURE, AND COPYRIGHT NOTICE | |
| Place of production, publication, distribution, manufacture | Minneapolis: |
| Name of producer, publisher, distributor, manufacturer | ECKANKAR, |
| Date of production, publication, distribution, manufacture, or copyright notice | c1990. |
| 300 ## - PHYSICAL DESCRIPTION | |
| Extent | x, 111 pages: |
| Other physical details | illustrations; |
| Dimensions | 22 cm |
| 336 ## - CONTENT TYPE | |
| Source | rdacontent |
| Content type term | text |
| Content type code | txt |
| 337 ## - MEDIA TYPE | |
| Source | rdamedia |
| Media type term | unmediated |
| Media type code | n |
| 338 ## - CARRIER TYPE | |
| Source | rdacarrier |
| Carrier type term | volume |
| Carrier type code | nc |
| 500 ## - GENERAL NOTE | |
| General note | Includes glossary. |
| 504 ## - BIBLIOGRAPHY, ETC. NOTE | |
| Bibliography, etc. note | Includes bibliography and biographical references of the authors. |
| 650 #0 - SUBJECT ADDED ENTRY--TOPICAL TERM | |
| Topical term or geographic name entry element | Spiritual life |
| 942 ## - ADDED ENTRY ELEMENTS (KOHA) | |
| Source of classification or shelving scheme | Library of Congress Classification |
| Koha item type | Foreign Books |
| Edition | first edition |
| Classification part | BP605 |
| Item part | .K676 1990 |
| Withdrawn status | Source of classification or shelving scheme | Damaged status | Not for loan | Home library | Current library | Shelving location | Date acquired | Total Checkouts | Full call number | Barcode | Date last seen | Copy number | Price effective from | Koha item type |
|---|---|---|---|---|---|---|---|---|---|---|---|---|---|---|
| Library of Congress Classification | Angono College Library | Angono College Library | Foreign Section | 03/17/2026 | BP605 .K676 1990 | URSANG-2414 | 03/17/2026 | 1 | 03/17/2026 | Foreign Books | ||||
| Library of Congress Classification | Angono College Library | Angono College Library | Foreign Section | 03/17/2026 | BP605 .K676 1990 | URSANG-2415 | 03/17/2026 | 2 | 03/17/2026 | Foreign Books |